00359pab a2200121 454500008004000000100002200040245009100062260000900153300001400162362000800176650002000184773003300204180718b2008 xxu||||| |||| 00| 0 eng d aPaterson, Lindsay aPolitical attitudes, social participation and social mobility: a longitudinal analysis c2008 ap.413-34. aSep aSocial mobility aBritish Journal of Sociology